000 00559nam a22001697a 4500
003 OSt
005 20171010095501.0
008 120726t xxu||||| |||| 00| 0 eng d
040 _aMMSU
_cULS
100 _aVillacillo, Reynold P.
_911524
245 _aiNAP: an agriculture portal for the Province of Ilocos Norte, Philippines
_cReynold P. Villacillo
260 _c2008
300 _axv, 282 leaves
_c28 cm.
500 _aThesis (MS in Information Technology) -- De la Salle University-Manila
504 _aBibliography: leaves 157-162
942 _2ddc
_cTHEDIS
999 _c9661
_d9661